| 000 | 00683nam a22002297a 4500 | ||
|---|---|---|---|
| 005 | 20211211111151.0 | ||
| 008 | 211211b ||||| |||| 00| 0 eng d | ||
| 040 | _cAL | ||
| 041 | _aEng | ||
| 082 |
_223 _a305.894 _bSHAS |
||
| 100 |
_aRam Sharan Sharma _911515 |
||
| 245 |
_aSocial Life in Northern India with Reference to Bihar _bCir A D 1000-1300 |
||
| 260 |
_aPatna _bPatna Museum _c2001 |
||
| 300 |
_axix,90 p. _bHB _c22x14.5 cm. |
||
| 365 |
_b₹150.00 _c₹ _d₹150.00 |
||
| 650 |
_aBihar _911516 |
||
| 650 |
_aSocial life and customs _911517 |
||
| 650 |
_aIndia _911518 |
||
| 700 |
_aSHARMA (Ram Sharan) _911519 |
||
| 700 |
_aAKHTAR (Naseem) Ed _911520 |
||
| 942 |
_2ddc _cGF |
||
| 999 |
_c220926 _d220926 |
||